000 00729nam a2200217 i 4500
001 29683
003 ES-MaACL
005 20240312062530.0
007 t|
008 030122s1917 sp f |||| | spa d
080 _a630*116
100 1 _aBaró y Zorrilla, Fernando.
_925749
245 1 3 _aLa corrección de torrentes y aludes en España
_b: conferencias dadas en el Ateneo de Madrid /
_cFernando Baró.
260 _aMadrid :
_b[s.n.,
_c1917] (
_fImp. Alemana)
300 _a45 p., 12 lám. ;
_c23 cm.
610 2 4 _aAteneo de Madrid-
_vConferencias-
_y1900-1939
_91907
650 0 4 _aHidrología forestal.
_913342
650 _aObras hidráulicas-
_zEspaña.
_915673
852 _aES-MaACL
_j1564-F-16
999 _c29683
_d29683